Представление документа в формате RUSMARC

ПолеНазваниеЗначение
  Тип записи a
  Библиографический уровень a
001 Контрольный номер RU/CBS_Ul/BASE/548186143
005 Дата корректировки 20250122233009.3
100 Данные общей обработки __
a Данные общей обработки 20170515d2017 ||| 0rusy0189 ca
101 Язык документа 0_
a Язык текста rus
102 Страна публикации __
a Страна публикации RU
105 Кодированные данные (монография) __
a Кодированные данные (монография) y###||||000|y
200 Заглавие и сведения об ответственности 1_
a Заглавие Его наградил Гитлер, а потом Сталин
b Общее обозначение материала Текст
e Сведения, относящиеся к заглавию [о судьбе легендарного лётчика, участника ВОВ, Героя СССР И.Е. Фёдорова]
f Первые сведения об ответственности М. Саблина
300 Общие примечания __
a Общие примечания Ограничения по возрасту - 16+
461 Уровень набора _0
1 2000
a Аргументы и факты
463 Уровень физической единицы _0
1 001RU/CBS_Ul/BASE/548001758
1 2000
a № 18 (3-9 мая)
v С. 22 : фото
1 210
d 2017
600 Персоналии _0
a Персоналии (Фамилия) Фёдоров
b Персоналии (Имя, инициалы) И.Е.
606 Тематические рубрики 0_
a Основная рубрика Герои и участники Великой Отечественной войны - 1941-1945
606 Тематические рубрики 0_
a Основная рубрика Фёдоров, Иван Евграфович (1914-2011)
610 Ключевые слова 0_
a Ключевые слова история советская
a Ключевые слова войны
a Ключевые слова ВОВ
a Ключевые слова война Великая Отечественная
a Ключевые слова лётчики советские
a Ключевые слова лётчики-истребители
a Ключевые слова лётчики-истребители советские
a Ключевые слова Герои Советского Союза
a Ключевые слова Герои СССР
a Ключевые слова полковники
686 Индексы других классификаций __
a Классификационный индекс 63.3(2)622.78
2 Код системы ББК
700 Автор _1
a Фамилия Саблина
b Имя (инициалы) М.
801 Источник записи _0
a Страна RU
b Организация МБУК ЦБС г. Ульяновска
c Дата составления 20170515
g Правила каталогизации RCR
801 Источник записи _1
a Страна RU
b Организация МБУК ЦБС г. Ульяновска
c Дата составления 20170515
g Правила каталогизации RCR
901 Тип документа __
t Тип документа f
w Контрольный № источника RU/CBS_Ul/BASE/548001758
910 Корректоры записи __
a Корректор записи Библиотека 1
938 Служебная информация __
a Имя БД period